الكتاب الأبيض حول الحوار بين الحضارات : (Record no. 6225)
[ view plain ]
| 000 -الفاتح | |
|---|---|
| حقل البيانات ثابتة الطول | 00752nac a22001451u 4500 |
| 008 - عناصر البيانات ثابتة الطول - معلومات عامة | |
| حقل البيانات ثابتة الطول | 080930s2002 xxu||||| |||| 00| 0 ara d |
| 082 ## - رقم تصنيف ديوى العشرى | |
| رقم التصنيف | 301.21 |
| رقم الطبعة | 22 |
| رقم المادة | ح و ا |
| 245 ## - بيان العنوان | |
| العنوان | الكتاب الأبيض حول الحوار بين الحضارات : |
| بقية العنوان | بمناسبة إعلان سنة 2001 " سنة الأمم المتحدة للحوار بين الحضارات / |
| بيان المسئوليه,etc | المنظمة الإسلامية للتربية والعلوم والثقافة |
| 250 ## - بيان الطبعة | |
| بيان الطبعة | ط 2، |
| بقية بيان الطبعة | مزيدة |
| 260 ## - PUBLICATION, DISTRIBUTION, ETC. (IMPRINT) | |
| مكان الناشر او الموزع | المغرب : |
| اسم الناشر او الموزع | المنظمة الإسلامية للتربية والعلوم والثقافة ،2002 |
| تاريخ النشر أو التوزيع | 2002. |
| 300 ## - الوصف المادى | |
| التعداد | 155 ص ؛ |
| أبعاد الوعاء | 24 سم. |
| 511 ## - | |
| -- | Catalogued by: Sara |
| 650 ## - المدخل الاضافى بالموضوع-مصطلح موضوعى | |
| مصطلح موضوعي أو اسم جغرافي كعنصر مدخل | الصراع الثقافى |
| 9 (RLIN) | 8287 |
| 942 ## - عناصر المدخل الإضافي( كوها) | |
| Koha [default] item type | Book - Borrowing |
| سابقة رقم الطلب | 301.21 ح و ا |
| مصدر التصنيف او مخطط الترفيف | Dewey Decimal Classification |
| حالة التراجع | حالة الفقد | مصدر التصنيف او خطة الترفيف | حالة تلف | ليس للاعارة | مجموعات كوها | المكان الدائم | المكان الحالي | موقع الترفيف | تاريخ الاكتساب | Source of acquisition | رقم الاستدعاء | الباركود | Date last seen | نوع الوعاء |
|---|---|---|---|---|---|---|---|---|---|---|---|---|---|---|
| Dewey Decimal Classification | Alef-Baa | Central Library | Central Library | First floor | 18/11/2007 | 301.21 ح و ا | 000007809 | 15/07/2025 | Book - Borrowing |